Propagation of Hevea by budding young seedlings (Record no. 65953)

MARC details
000 -LEADER
fixed length control field 00369nam a2200145Ia 4500
100 ## - MAIN ENTRY--AUTHOR NAME
Personal name Tinley G H
245 #0 - TITLE STATEMENT
Title Propagation of Hevea by budding young seedlings
260 ## - PUBLICATION, DISTRIBUTION, ETC. (IMPRINT)
Name of publisher Planters Bulletin
Year of publication 1962
300 ## - PHYSICAL DESCRIPTION
Number of Pages 136-147
650 ## - SUBJECT ADDED ENTRY--TOPICAL TERM
Topical Term Budgrafting
650 ## - SUBJECT ADDED ENTRY--TOPICAL TERM
Topical Term Budwood
650 ## - SUBJECT ADDED ENTRY--TOPICAL TERM
Topical Term Hevea brasiliensis
942 ## - ADDED ENTRY ELEMENTS (KOHA)
Koha item type Journals
Holdings
Withdrawn status Lost status Damaged status Not for loan Home library Current library Shelving location Date acquired Serial Enumeration / chronology Koha item type
      Journals RRII Library RRII Library Botany 17/12/2021 Volume 62, Issue Journals